| 000 | 00000nam##2200000za#4500 |
| 001 | 9.637016 |
| 003 | CaOODSP |
| 005 | 20210624221014 |
| 007 | cr ||||||||||| |
| 008 | 150407|2009||||xxc|||||o f|0| 0 fre|d |
| 020 | |a978-1-100-92929-3 |
| 040 | |aCaOODSP|bfre |
| 043 | |an-cn--- |
| 086 | 1 |aE95-2/9-2009F-PDF |
| 110 | 1 |aCanada. |bCommission mixte internationale. |
| 245 | 10|aSynthèse des commentaires du public au sujet du rapport d'étape 2008 de l'Accord Canada – États-Unis sur la qualité de l'air |h[ressource électronique] |
| 260 | |aOttawa - Ontario : |bCommission mixte internationale |cSeptembre 2009. |
| 300 | |a16p. |
| 500 | |aLe n° de catalogue (E95‐2/9‐2009F) et l'ISBN (978‐1‐100‐92928‐6) de l'édition imprimée ont été incorrectement copiés dans cette édition électronique. |
| 590 | |a12-24-Supp|b2012-05-30 |
| 691 | 07|aQualité de l'air|2gcpds |
| 775 | 08|tSynthesis of public comment on the 2008 progress report under the Canada-United States Air Quality Agreement |w(CaOODSP)9.692812 |
| 856 | 40|ahttp://publications.gc.ca|qPDF|s476 Ko|uhttps://publications.gc.ca/collections/collection_2011/ijc/E95-2-9-2009-fra.pdf |